Crawling - Linkin Park - All Lyrics - Statistics

General Stats
  • This quiz has been taken 321 times
  • The average score is 165 of 213
Answer Stats
Answer % Correct
Crawling
100%
I
100%
in
100%
my
99%
skin
98%
the
97%
is
94%
These
93%
not
92%
what
92%
will
92%
will,
92%
real
91%
they
91%
a
90%
heal
90%
Confusing
89%
confusing
89%
Confusing,
89%
Fear
89%
fear
89%
how
88%
wounds,
88%
so
85%
This
82%
this
82%
(This
82%
me
80%
fall
79%
that
79%
to
79%
are
78%
can't
77%
something
72%
surface
72%
surface,
72%
inside
71%
closing
70%
insecure
70%
of
70%
again,
69%
There's
69%
there's
69%
(There's
69%
before,
68%
way
68%
beneath
67%
myself
67%
walls
67%
find
66%
too
66%
felt
65%
much
65%
never-ending
65%
self-control
65%
take
65%
I've
64%
never-ending,
64%
self-control
64%
pressure
61%
seem
61%
It's
59%
pulls
59%
Consuming,
57%
consuming)
57%
I'm
56%
lack
55%
just
54%
confidence
53%
reacting
46%
sense
46%
Controlling,
45%
controlling)
45%
convinced
43%
own
43%
reflection
43%
haunting
40%
Against
39%
stand
39%
Distracting,
38%
beside
36%
Without
35%
upon
30%
has
26%
itself
23%
pulled
22%
endlessly
19%
Discomfort
18%
No matching quizzes found
Score Distribution
Percent of People with Each Score
Percentile by Number Answered
Your Score History
You have not taken this quiz